The object of literature

Saved in:
Bibliographic Details
Main Author: PIERRE MACHEREY
Format: Book
Language:Undetermined
Published: Cambridge 1995
Tags: Add Tag
No Tags, Be the first to tag this record!
Institutions: Trung tâm Học liệu Trường Đại học Cần Thơ
LEADER 00406nam a2200145Ia 4500
001 CTU_49503
008 210402s9999 xx 000 0 und d
082 |a 840.9 
082 |b M141 
100 |a PIERRE MACHEREY 
245 4 |a The object of literature 
245 0 |c PIERRE MACHEREY; Dịch giả: David Macey 
260 |b Cambridge 
260 |c 1995 
980 |a Trung tâm Học liệu Trường Đại học Cần Thơ